000 00791nam a2200301Ia 4500
001 5334
005 20240113233827.0
007 ta
008 050620s1986 a g b000 u eng u
020 _cRs. 100.00 (HB)
040 _aCotton College,Assam
041 _aeng
082 _a541.2
_bP 88 Ad
100 _aPrakash, Satya .
245 0 _aAdvanced Chemistry of Rare Elements /
_cSatya Prakash.
_hTextual Documents
250 _a4th ed /
260 _aNew Delhi :
_bS. Chand & Company ,
_c1986.
300 _ax, 889p. :
_bill. ;
_c22cm. .
365 _aRs. 100.00
504 _aIndex
653 _aChemistry
653 _aPhysical Chemistry
653 _aPG-Chemistry
942 _2ddc
_cBK
999 _c5321
_d5321